00509pab a2200157 454500008004000000100001800040245006900058260000900127300001000136362000900146650002200155773004700177909000900224999001500233952010300248180718b1988 xxu||||| |||| 00| 0 eng d aMcphee, Peter aRecent writing on rural societyand polities in France, 1789-1900 c1988 a750-2 aOct. aFrance - Politics aComparative Studies in Society and History a9050 c9050d9050 00104070aIIPAbIIPAd2018-07-19hVolume no: 30, Issue no: 4pAR9064r2018-07-19w2018-07-19yAR